Талицкий интрузивный массив; Советская геология; Сб. 27

Detalhes bibliográficos
Parent link:Советская геология.— , 1938-1992.— 0869-7175
Сб. 27.— 1947.— С. 64-72
Autor principal: Александров А. И.
Idioma:russo
Publicado em: 1947
Assuntos:
Formato: MixedMaterials Capítulo de Livro
KOHA link:https://koha.lib.tpu.ru/cgi-bin/koha/opac-detail.pl?biblionumber=410491

MARC

LEADER 00000naa2a2200000 4500
001 410491
005 20231101071332.0
035 |a (RuTPU)RU\TPU\prd\64465 
090 |a 410491 
100 |a 20090325a19389999k y0rusy50 ca 
101 0 |a rus 
102 |a RU 
200 1 |a Талицкий интрузивный массив  |f А. И. Александров 
461 0 |0 (RuTPU)RU\TPU\prd\987  |x 0869-7175  |t Советская геология  |d 1938-1992 
463 0 |0 (RuTPU)RU\TPU\prd\64464  |t Сб. 27  |v С. 64-72  |d 1947 
610 1 |a геолого-географические науки 
610 1 |a труды учёных ТПУ 
700 1 |a Александров  |b А. И. 
801 1 |a RU  |b 63413507  |c 20090325  |g PSBO 
801 2 |a RU  |b 63413507  |c 20090325  |g PSBO 
942 |c BK